000 00405nam a2200157Ia 4500
008 160316s1964 xxu||||| |||| 00| 0 eng d
082 _a320.000000
_bGIL
100 _aGilchrist R N
245 _aPrinciples of political science
250 _a8th Rev
260 _aHyderabad
_bOrient Longman
_c1964
300 _a342p
_b
_c
365 _bRs.155
650 _a1. Political Science - Theory
700 _a
_a
999 _c14436
_d14436